| 000 | 00629nam a22002297a 4500 | ||
|---|---|---|---|
| 005 | 20230925131516.0 | ||
| 008 | 230818b |||||||| |||| 00| 0 eng d | ||
| 020 |
_a9789384323097 _cRs.1495.00 |
||
| 040 | _aLoreto college | ||
| 041 | _aEnglish | ||
| 082 |
_a004 _bDAL |
||
| 100 | _aDale, Nell | ||
| 245 |
_aComputer science illuminated _cNell Dale and John Lewis |
||
| 250 | _a6th ed | ||
| 260 |
_aNew Delhi _bJones and Bartlett India _c2018 |
||
| 300 |
_a700p. _b22cm. |
||
| 504 | _aIncludes glossary, endnotes and index | ||
| 650 | _aComputer science | ||
| 700 |
_4Auth _aLewis, John |
||
| 850 | _aLCLIB | ||
| 942 | _cBK | ||
| 999 |
_c43518 _d93997 |
||